| 000 | 00549nam a22002057a 4500 | ||
|---|---|---|---|
| 999 |
_c1037 _d1037 |
||
| 005 | 20200316151829.0 | ||
| 008 | 200316b ||||| |||| 00| 0 eng d | ||
| 020 | _a9789671762509 | ||
| 040 | _cKH8 | ||
| 082 | _a305.8 ZUN | ||
| 100 |
_aZunar _eauthor & illustrator |
||
| 245 |
_aKartun anti racism / _cZunar |
||
| 260 |
_aKuala Lumpur : _bTiga Cipta Enterprise, _c2019. |
||
| 300 |
_a48 p. ; _bill : _c17 x 26 cm. |
||
| 500 | _aSigned copy | ||
| 546 | _aMalay & English | ||
| 650 | _aRacism | ||
| 651 |
_aMalaysia _ePolitics |
||
| 942 |
_2ddc _cNFIC |
||